000 00527nam a22001697a 4500
999 _c8572
_d8572
008 201202b ||||| |||| 00| 0 eng d
040 _aBMS College of Architecture
100 _aRamesh, Shreedhar
245 _aWinery and luxury resort, Nashik
300 _a63p.
500 _a1BM10AT088
502 _8B,Arch
_NBMS College of Architecture, Visvesvaraya Technological University (VTU)
_aProject report
_d2017
650 _aResort
700 _aBhagyalaxmi Madapur
_eGuide
700 _aSwetha Gowri
_eGuide
942 _2ddc
_cTHE